[Event "AsianNationCup2018-WomenRapid"]
[Site "?"]
[Date "2018.07.27"]
[Round "1.6"]
[White "Wang, Jue"]
[Black "Asgharzadeh, Mitra"]
[Result "1-0"]
[WhiteElo "2398"]
[BlackElo "1991"]
[PlyCount "30"]
[EventDate "2018.??.??"]
[EventType "rapid"]
[WhiteClock "0:09:43"]
[BlackClock "0:08:09"]

1. d4 Nf6 2. c4 g6 3. g3 Bg7 4. Bg2 O-O 5. Nc3 d6 6. Nf3 Nbd7 7. O-O e5 8. e4
Re8 9. d5 Nc5 10. Ne1 a5 11. b3 Bd7 12. Rb1 b6 13. Nc2 Qc8 14. Qe2 Bg4 15. f3
Bd7 1-0

[Event "AsianNationCup2018-WomenRapid"]
[Site "?"]
[Date "2018.07.27"]
[Round "1.7"]
[White "Alavi, Homa"]
[Black "Guo, Qi"]
[Result "0-1"]
[WhiteElo "1978"]
[BlackElo "2445"]
[PlyCount "39"]
[EventDate "2018.??.??"]
[EventType "rapid"]
[WhiteClock "0:10:14"]
[BlackClock "0:09:50"]

1. d4 e6 2. c4 Nf6 3. Nf3 a6 4. Nc3 d5 5. Bg5 dxc4 6. e4 b5 7. e5 h6 8. Bh4 g5
9. Nxg5 hxg5 10. Bxg5 Be7 11. exf6 Bxf6 12. Qf3 Bxg5 13. Qxa8 Qxd4 14. Rd1 Qe5+
15. Qe4 Qxe4+ 16. Nxe4 Be7 17. a4 Bb7 18. Nc3 b4 19. Nb1 Bd5 20. Rc1 0-1

[Event "AsianNationCup2018-WomenRapid"]
[Site "?"]
[Date "2018.07.27"]
[Round "1.8"]
[White "Zhai, Mo"]
[Black "Mahdian, Anousha"]
[Result "1-0"]
[WhiteElo "2359"]
[BlackElo "1789"]
[PlyCount "36"]
[EventDate "2018.??.??"]
[EventType "rapid"]
[WhiteClock "0:11:30"]
[BlackClock "0:10:21"]

1. d4 Nf6 2. c4 e6 3. Nc3 Bb4 4. Qc2 d6 5. e4 Nbd7 6. a3 Bxc3+ 7. bxc3 e5 8.
Bd3 O-O 9. Ne2 Re8 10. O-O c5 11. d5 Nf8 12. f4 exf4 13. Bxf4 Ng4 14. Ng3 Ng6
15. Nf5 Bxf5 16. exf5 Nxf4 17. Rxf4 Qg5 18. g3 Re3 1-0

[Event "AsianNationCup2018-WomenRapid"]
[Site "?"]
[Date "2018.07.27"]
[Round "2.1"]
[White "Pham, Le Thao Nguyen"]
[Black "Abdumalik, Zhansaya"]
[Result "1/2-1/2"]
[BlackElo "2426"]
[WhiteElo "2456"]
[LiveChessVersion "1.4.8"]

1. d4 {[%clk 0:15:16]} Nf6 {[%clk 0:15:16]} 2. Nf3 {[%clk 0:15:24]} g6
{[%clk 0:15:25]} 3. g3 {[%clk 0:15:26]} c5 {[%clk 0:15:31]} 4. c3
{[%clk 0:15:17]} b6 {[%clk 0:15:21]} 5. Bg2 {[%clk 0:15:24]} Bb7 {[%clk 0:15:30]}
6. O-O {[%clk 0:15:27]} Bg7 {[%clk 0:15:11]} 7. dxc5 {[%clk 0:14:06]} bxc5
{[%clk 0:15:13]} 8. Be3 {[%clk 0:14:10]} Qc7 {[%clk 0:14:15]} 9. Qc1
{[%clk 0:13:35]} Ng4 {[%clk 0:12:49]} 10. Bd2 {[%clk 0:11:52]} h5
{[%clk 0:10:58]} 11. h3 {[%clk 0:10:15]} Nf6 {[%clk 0:10:47]} 12. Na3
{[%clk 0:08:16]} a6 {[%clk 0:10:18]} 13. Nc4 {[%clk 0:07:34]} d6 {[%clk 0:09:02]}
14. Bf4 {[%clk 0:06:22]} O-O {[%clk 0:06:18]} 15. Bh6 {[%clk 0:06:15]} Nbd7
{[%clk 0:05:54]} 16. Bxg7 {[%clk 0:06:06]} Kxg7 {[%clk 0:06:03]} 17. Rd1
{[%clk 0:05:44]} d5 {[%clk 0:05:29]} 18. Ne3 {[%clk 0:04:36]} e6 {[%clk 0:05:31]}
19. Nc2 {[%clk 0:03:32]} Rac8 {[%clk 0:04:41]} 20. Ng5 {[%clk 0:02:58]} e5
{[%clk 0:03:16]} 21. Nf3 {[%clk 0:01:38]} e4 {[%clk 0:02:13]} 22. Nh2
{[%clk 0:01:41]} Qe5 {[%clk 0:02:05]} 23. Qf4 {[%clk 0:01:17]} Rfe8
{[%clk 0:01:45]} 24. Qxe5 {[%clk 0:01:20]} Nxe5 {[%clk 0:01:51]} 25. b3
{[%clk 0:01:25]} Red8 {[%clk 0:01:48]} 26. f4 {[%clk 0:01:17]} Nc6
{[%clk 0:01:19]} 27. e3 {[%clk 0:01:21]} Rd6 {[%clk 0:01:10]} 28. g4
{[%clk 0:01:24]} hxg4 29. hxg4 {[%clk 0:01:33]} Rcd8 {[%clk 0:01:13]} 30. g5
{[%clk 0:01:18]} Ng8 {[%clk 0:01:02]} 31. Ng4 {[%clk 0:00:59]} f5
{[%clk 0:00:36]} 32. gxf6+ Nxf6 {[%clk 0:00:45]} 33. Nxf6 {[%clk 0:01:10]} Kxf6
{[%clk 0:00:53]} 34. Rd2 {[%clk 0:01:07]} Ne7 {[%clk 0:00:56]} 35. Rad1
{[%clk 0:01:13]} Nf5 {[%clk 0:01:03]} 36. Kf2 {[%clk 0:00:28]} a5
{[%clk 0:00:22]} 37. Bh3 {[%clk 0:00:30]} Ne7 {[%clk 0:00:29]} 38. Kg3
{[%clk 0:00:36]} Ba6 {[%clk 0:00:34]} 39. c4 {[%clk 0:00:32]} Bb7
{[%clk 0:00:28]} 40. cxd5 {[%clk 0:00:34]} Rxd5 {[%clk 0:00:34]} 41. Rxd5 Rxd5
{[%clk 0:00:43]} 42. Rxd5 {[%clk 0:00:44]} Nxd5 {[%clk 0:00:50]} 43. Bf1
{[%clk 0:00:39]} Nc3 {[%clk 0:00:32]} 44. a3 {[%clk 0:00:39]} Bd5
{[%clk 0:00:42]} 45. b4 {[%clk 0:00:19]} cxb4 {[%clk 0:00:33]} 46. axb4
{[%clk 0:00:28]} Bb3 {[%clk 0:00:31]} 47. Nd4 {[%clk 0:00:27]} a4
{[%clk 0:00:38]} 48. b5 {[%clk 0:00:36]} Bd5 {[%clk 0:00:40]} 49. Nc2
{[%clk 0:00:39]} Nb1 {[%clk 0:00:27]} 50. b6 {[%clk 0:00:39]} Bb7
{[%clk 0:00:22]} 51. Bc4 {[%clk 0:00:24]} g5 {[%clk 0:00:23]} 52. fxg5+
{[%clk 0:00:26]} Kxg5 {[%clk 0:00:32]} 53. Ba2 {[%clk 0:00:26]} Nc3
{[%clk 0:00:41]} 54. Bc4 {[%clk 0:00:35]} Kf5 {[%clk 0:00:42]} 55. Na3
{[%clk 0:00:29]} Ke5 {[%clk 0:00:42]} 56. Kf2 {[%clk 0:00:21]} Kd6
{[%clk 0:00:45]} 57. Ke1 {[%clk 0:00:30]} Kc5 {[%clk 0:00:40]} 58. Kd2
{[%clk 0:00:39]} Nd5 {[%clk 0:00:45]} 59. Bxd5 {[%clk 0:00:35]} Bxd5
{[%clk 0:00:43]} 60. Kc3 {[%clk 0:00:44]} Kxb6 {[%clk 0:00:51]} 61. Kb4
{[%clk 0:00:51]} Bb3 {[%clk 0:00:44]} 62. Nb1 {[%clk 0:00:56]} Kc6
{[%clk 0:00:22]} 63. Nc3 {[%clk 0:01:03]} Bc2 {[%clk 0:00:19]} 64. Nxe4
{[%clk 0:00:53]} 1/2-1/2

[Event "AsianNationCup2018-WomenRapid"]
[Site "?"]
[Date "2018.07.27"]
[Round "2.2"]
[White "Saduakassova, Dinara"]
[Black "Hoang, Thi Bao Tram"]
[Result "1/2-1/2"]
[BlackElo "2329"]
[WhiteElo "2360"]
[LiveChessVersion "1.4.8"]

1. d4 {[%clk 0:15:18]} d5 {[%clk 0:15:16]} 2. c4 {[%clk 0:15:27]} c6
{[%clk 0:15:23]} 3. Nf3 {[%clk 0:15:35]} Nf6 {[%clk 0:15:29]} 4. g3
{[%clk 0:15:44]} g6 {[%clk 0:15:04]} 5. Bg2 {[%clk 0:15:47]} Bg7 {[%clk 0:15:11]}
6. O-O {[%clk 0:15:43]} O-O {[%clk 0:15:17]} 7. Nbd2 {[%clk 0:15:42]} b6
{[%clk 0:14:26]} 8. b3 {[%clk 0:15:10]} Bb7 {[%clk 0:14:27]} 9. Bb2
{[%clk 0:15:18]} Nbd7 {[%clk 0:13:02]} 10. Rc1 {[%clk 0:14:54]} Ne4
{[%clk 0:12:16]} 11. Nxe4 {[%clk 0:14:49]} dxe4 {[%clk 0:12:23]} 12. Ng5
{[%clk 0:14:16]} Bh6 {[%clk 0:11:38]} 13. h4 {[%clk 0:14:19]} f5 {[%clk 0:09:33]}
14. Ne6 {[%clk 0:13:40]} Qe8 {[%clk 0:09:37]} 15. Rc2 {[%clk 0:12:31]} Nf6
{[%clk 0:09:42]} 16. Bc1 {[%clk 0:12:02]} Bxc1 {[%clk 0:09:45]} 17. Qxc1
{[%clk 0:12:10]} Qd7 {[%clk 0:09:44]} 18. Nxf8 {[%clk 0:12:15]} Rxf8
{[%clk 0:09:51]} 19. Qf4 {[%clk 0:09:10]} Rd8 {[%clk 0:08:15]} 20. Rd2
{[%clk 0:08:54]} e6 {[%clk 0:06:24]} 21. Rfd1 {[%clk 0:08:30]} Rf8
{[%clk 0:04:39]} 22. Rf1 {[%clk 0:07:05]} Qe7 {[%clk 0:04:31]} 23. Bh3
{[%clk 0:05:55]} Bc8 {[%clk 0:03:07]} 24. Qe5 {[%clk 0:05:24]} Qg7
{[%clk 0:01:59]} 25. f3 {[%clk 0:04:20]} Qh6 {[%clk 0:01:23]} 26. Qf4
{[%clk 0:04:28]} Qg7 {[%clk 0:01:32]} 27. fxe4 {[%clk 0:04:20]} Nxe4
{[%clk 0:01:38]} 28. Rd3 {[%clk 0:04:25]} Bb7 {[%clk 0:01:00]} 29. Bg2
{[%clk 0:04:29]} c5 {[%clk 0:00:46]} 30. d5 {[%clk 0:04:02]} exd5
{[%clk 0:00:54]} 31. cxd5 {[%clk 0:04:11]} Re8 {[%clk 0:00:55]} 32. d6
{[%clk 0:03:39]} Qd7 {[%clk 0:01:00]} 33. Rfd1 {[%clk 0:03:20]} Kg7
{[%clk 0:00:26]} 34. Re3 {[%clk 0:02:44]} h5 {[%clk 0:00:25]} 35. a3
{[%clk 0:02:19]} Re6 {[%clk 0:00:31]} 36. Bf3 {[%clk 0:01:51]} Bc6
{[%clk 0:00:33]} 37. a4 {[%clk 0:01:31]} Re8 {[%clk 0:00:36]} 38. Red3
{[%clk 0:01:38]} Bb7 {[%clk 0:00:36]} 39. Kg2 {[%clk 0:01:35]} Ba6
{[%clk 0:00:44]} 40. Re3 {[%clk 0:01:35]} Bb7 {[%clk 0:00:53]} 41. Red3
{[%clk 0:01:24]} Ba6 {[%clk 0:01:02]} 42. Re3 {[%clk 0:00:51]} Bb7
{[%clk 0:01:11]} 43. Kg1 {[%clk 0:00:59]} Kh7 {[%clk 0:01:11]} 44. Red3
{[%clk 0:00:42]} Kg7 {[%clk 0:01:19]} 45. Rc1 {[%clk 0:00:32]} a5
{[%clk 0:01:16]} 46. Rdd1 {[%clk 0:00:28]} Bc6 {[%clk 0:01:18]} 47. Rc4
{[%clk 0:00:34]} Re6 {[%clk 0:01:12]} 48. Kg2 {[%clk 0:00:33]} Re8
{[%clk 0:01:19]} 49. Qc1 {[%clk 0:00:30]} Re6 {[%clk 0:01:18]} 50. Qb2+
{[%clk 0:00:37]} Kh7 {[%clk 0:01:23]} 51. Rc2 {[%clk 0:00:34]} Re8
{[%clk 0:01:31]} 52. Rd3 {[%clk 0:00:36]} Re6 {[%clk 0:01:36]} 53. Qc1
{[%clk 0:00:43]} Re8 {[%clk 0:01:39]} 54. Qf4 {[%clk 0:00:40]} Kg7
{[%clk 0:01:43]} 55. Rc4 {[%clk 0:00:46]} Kh7 {[%clk 0:01:45]} 56. Re3
{[%clk 0:00:47]} Kg7 {[%clk 0:01:36]} 57. Rd3 {[%clk 0:00:36]} Bb7
{[%clk 0:01:40]} 58. Re3 {[%clk 0:00:39]} Bc6 {[%clk 0:01:49]} 59. Rd3
{[%clk 0:00:28]} Bb7 {[%clk 0:01:57]} 60. Rc1 {[%clk 0:00:28]} Re6
{[%clk 0:02:01]} 61. Re3 {[%clk 0:00:24]} Re8 {[%clk 0:02:10]} 62. Rc4
{[%clk 0:00:32]} Bc6 {[%clk 0:02:12]} 63. Bxe4 {[%clk 0:00:39]} Bxe4+
{[%clk 0:02:11]} 64. Rexe4 {[%clk 0:00:23]} fxe4 {[%clk 0:02:19]} 65. Rc1
{[%clk 0:00:18]} Qe6 {[%clk 0:00:43]} 66. Rd1 {[%clk 0:00:13]} Rd8
{[%clk 0:00:49]} 67. Qe3 {[%clk 0:00:20]} Rd7 {[%clk 0:00:34]} 68. Qc3+
{[%clk 0:00:29]} Kh7 {[%clk 0:00:40]} 69. Qe3 {[%clk 0:00:35]} Kg7
{[%clk 0:00:44]} 70. Qc3+ {[%clk 0:00:44]} Qf6 {[%clk 0:00:45]} 71. Qc4
{[%clk 0:00:36]} e3 {[%clk 0:00:28]} 72. Qf4 {[%clk 0:00:45]} Qe6
{[%clk 0:00:33]} 73. Rd3 {[%clk 0:00:50]} Qf6 {[%clk 0:00:24]} 74. Kf3
{[%clk 0:00:50]} Qe6 {[%clk 0:00:26]} 75. Kg2 {[%clk 0:00:56]} Qf6
{[%clk 0:00:34]} 76. Kf3 {[%clk 0:01:05]} Qe6 {[%clk 0:00:44]} 77. Kg2
{[%clk 0:01:14]} Qf6 {[%clk 0:00:52]} 1/2-1/2

[Event "AsianNationCup2018-WomenRapid"]
[Site "?"]
[Date "2018.07.27"]
[Round "2.3"]
[White "Nguyen, Thi Mai Hung"]
[Black "Nakhbayeva, Guliskhan"]
[Result "0-1"]
[BlackElo "2279"]
[WhiteElo "2278"]
[LiveChessVersion "1.4.8"]

1. d4 {[%clk 0:15:19]} Nf6 {[%clk 0:15:24]} 2. Nf3 {[%clk 0:15:17]} d5
{[%clk 0:14:58]} 3. Bf4 {[%clk 0:15:25]} c5 {[%clk 0:15:07]} 4. e3
{[%clk 0:15:27]} Nc6 {[%clk 0:14:56]} 5. Nbd2 {[%clk 0:15:12]} Qb6
{[%clk 0:15:01]} 6. dxc5 {[%clk 0:15:19]} Qxb2 {[%clk 0:13:47]} 7. Rb1
{[%clk 0:15:28]} Qc3 {[%clk 0:13:49]} 8. Bb5 {[%clk 0:13:48]} Bd7
{[%clk 0:13:30]} 9. O-O {[%clk 0:12:22]} e6 {[%clk 0:11:33]} 10. Nb3
{[%clk 0:11:29]} Be7 {[%clk 0:10:02]} 11. Nfd4 {[%clk 0:10:30]} Ne4
{[%clk 0:07:24]} 12. Bxc6 {[%clk 0:10:05]} bxc6 {[%clk 0:05:40]} 13. Be5
{[%clk 0:10:09]} f6 {[%clk 0:05:19]} 14. Bc7 {[%clk 0:08:59]} O-O
{[%clk 0:04:13]} 15. Ba5 {[%clk 0:09:06]} Qc4 {[%clk 0:03:25]} 16. Qd3 Qa4
{[%clk 0:08:40]} 17. Rfc1 {[%clk 0:02:34]} e5 {[%clk 0:07:33]} 18. Ne2
{[%clk 0:02:26]} Nxc5 {[%clk 0:07:25]} 19. Nxc5 Bxc5 {[%clk 0:07:34]} 20. Qc3
{[%clk 0:01:58]} Bd6 {[%clk 0:06:02]} 21. Bb4 {[%clk 0:01:00]} Rf7
{[%clk 0:04:04]} 22. Ba5 {[%clk 0:00:47]} c5 {[%clk 0:03:43]} 23. Qb3
{[%clk 0:00:40]} Qh4 {[%clk 0:03:19]} 24. c4 {[%clk 0:00:46]} Bc6
{[%clk 0:03:22]} 25. Ng3 {[%clk 0:00:30]} d4 {[%clk 0:03:08]} 26. Be1
{[%clk 0:00:33]} f5 {[%clk 0:02:49]} 27. Rb2 {[%clk 0:00:33]} f4 {[%clk 0:02:49]}
28. exf4 {[%clk 0:00:24]} exf4 {[%clk 0:02:58]} 29. Nf1 {[%clk 0:00:32]} Bxg2
{[%clk 0:02:32]} 30. Kxg2 {[%clk 0:00:39]} Qg4+ {[%clk 0:02:12]} 31. Kh1
{[%clk 0:00:43]} f3 {[%clk 0:02:20]} 32. Ng3 {[%clk 0:00:42]} Qh3
{[%clk 0:02:29]} 0-1

[Event "AsianNationCup2018-WomenRapid"]
[Site "?"]
[Date "2018.07.27"]
[Round "2.4"]
[White "Dauletova, Gulmira"]
[Black "Nguyen, Thi Thanh An"]
[Result "1/2-1/2"]
[BlackElo "2248"]
[WhiteElo "2153"]
[LiveChessVersion "1.4.8"]

1. e4 {[%clk 0:15:18]} g6 {[%clk 0:15:19]} 2. d4 {[%clk 0:15:26]} Bg7
{[%clk 0:15:28]} 3. Nc3 {[%clk 0:15:17]} c6 {[%clk 0:15:34]} 4. f4
{[%clk 0:15:11]} d5 {[%clk 0:15:41]} 5. e5 {[%clk 0:15:17]} Nh6 {[%clk 0:15:49]}
6. Nf3 {[%clk 0:15:12]} Bf5 {[%clk 0:15:50]} 7. Be2 {[%clk 0:15:03]} b5
{[%clk 0:15:39]} 8. a3 {[%clk 0:14:29]} Nd7 {[%clk 0:15:36]} 9. O-O
{[%clk 0:14:27]} Nb6 {[%clk 0:15:40]} 10. a4 {[%clk 0:12:43]} a6 {[%clk 0:15:15]}
11. b3 {[%clk 0:11:43]} O-O {[%clk 0:14:59]} 12. a5 {[%clk 0:09:55]} Nd7
{[%clk 0:14:46]} 13. b4 f6 {[%clk 0:14:42]} 14. h3 {[%clk 0:09:35]} e6
{[%clk 0:08:54]} 15. Ra3 {[%clk 0:06:16]} Be4 {[%clk 0:08:46]} 16. Nxe4
{[%clk 0:05:57]} dxe4 {[%clk 0:08:54]} 17. Nd2 {[%clk 0:05:55]} f5
{[%clk 0:08:09]} 18. Nb3 {[%clk 0:04:05]} Qe7 {[%clk 0:08:08]} 19. Qe1
{[%clk 0:04:04]} Rfd8 {[%clk 0:08:08]} 20. Be3 {[%clk 0:04:09]} Bf8
{[%clk 0:06:58]} 21. c3 {[%clk 0:02:55]} Nf7 {[%clk 0:06:50]} 22. Qg3
{[%clk 0:01:42]} Kh8 {[%clk 0:06:55]} 23. Ra2 {[%clk 0:01:21]} Bh6
{[%clk 0:06:59]} 24. h4 {[%clk 0:01:26]} Rg8 {[%clk 0:07:00]} 25. Kf2
{[%clk 0:01:17]} Bf8 {[%clk 0:07:06]} 26. Rh1 {[%clk 0:01:25]} h5
{[%clk 0:07:11]} 27. Nc5 {[%clk 0:00:57]} Nxc5 {[%clk 0:06:23]} 28. bxc5
{[%clk 0:00:27]} Qd8 {[%clk 0:06:27]} 29. Qh3 {[%clk 0:00:33]} Nh6
{[%clk 0:06:23]} 30. g3 {[%clk 0:00:40]} Be7 {[%clk 0:06:17]} 31. Rb1
{[%clk 0:00:47]} Qd5 {[%clk 0:06:20]} 32. Rab2 {[%clk 0:00:45]} Bd8
{[%clk 0:06:24]} 33. Ra1 {[%clk 0:00:43]} Bc7 {[%clk 0:06:19]} 34. Qf1
{[%clk 0:00:45]} Rg7 {[%clk 0:05:58]} 35. Qd1 {[%clk 0:00:53]} Qd8
{[%clk 0:05:40]} 36. Qb3 {[%clk 0:00:54]} Re7 {[%clk 0:05:46]} 37. Qa2
{[%clk 0:00:26]} Kg7 {[%clk 0:05:49]} 38. c4 {[%clk 0:00:28]} Kf7
{[%clk 0:05:18]} 39. Rd2 {[%clk 0:00:35]} bxc4 {[%clk 0:05:11]} 40. Qxc4
{[%clk 0:00:26]} Rd7 {[%clk 0:04:50]} 41. Rb2 {[%clk 0:00:25]} Ng8
{[%clk 0:04:31]} 42. Rb7 {[%clk 0:00:24]} Ne7 {[%clk 0:04:36]} 43. Qa4
{[%clk 0:00:27]} Qc8 {[%clk 0:04:20]} 44. Rab1 {[%clk 0:00:36]} Bd8
{[%clk 0:04:11]} 45. Rxd7 {[%clk 0:00:35]} Qxd7 {[%clk 0:04:18]} 46. Bc4
{[%clk 0:00:44]} Qc8 {[%clk 0:03:03]} 47. Qa2 {[%clk 0:00:38]} Ra7
{[%clk 0:02:57]} 48. Rb6 {[%clk 0:00:36]} Bxb6 {[%clk 0:03:01]} 49. cxb6
{[%clk 0:00:33]} Ra8 {[%clk 0:03:07]} 50. Qa3 {[%clk 0:00:33]} Qd7
{[%clk 0:02:55]} 51. Qb3 {[%clk 0:00:29]} Nd5 {[%clk 0:02:54]} 52. Qa3
{[%clk 0:00:26]} Qb7 {[%clk 0:02:01]} 53. Qd6 {[%clk 0:00:28]} Re8
{[%clk 0:01:59]} 54. Qc5 {[%clk 0:00:25]} Rd8 {[%clk 0:02:00]} 55. Bd2
{[%clk 0:00:31]} Rd7 {[%clk 0:01:58]} 56. Bb4 {[%clk 0:00:38]} Rd8
{[%clk 0:01:37]} 57. Bd2 {[%clk 0:00:35]} Rd7 {[%clk 0:01:35]} 58. Bb4
{[%clk 0:00:36]} e3+ {[%clk 0:01:30]} 59. Ke2 {[%clk 0:00:45]} Nxb4
{[%clk 0:01:37]} 60. Qxb4 {[%clk 0:00:53]} c5 {[%clk 0:01:45]} 61. Qxc5
{[%clk 0:00:54]} Qg2+ {[%clk 0:01:49]} 62. Kxe3 {[%clk 0:00:57]} Qxg3+
{[%clk 0:01:57]} 63. Ke2 {[%clk 0:00:59]} Qg2+ {[%clk 0:02:05]} 64. Kd3
{[%clk 0:01:07]} Qf1+ {[%clk 0:01:58]} 65. Kc3 {[%clk 0:00:39]} Qc1+
{[%clk 0:01:49]} 66. Kd3 {[%clk 0:00:42]} Qd1+ {[%clk 0:00:54]} 67. Kc3
{[%clk 0:00:51]} Qc1+ {[%clk 0:01:02]} 68. Kd3 {[%clk 0:01:01]} Qd1+
{[%clk 0:01:04]} 69. Kc3 {[%clk 0:01:10]} Qc1+ {[%clk 0:01:12]} 70. Kd3
{[%clk 0:01:19]} 1/2-1/2

[Event "AsianNationCup2018-WomenRapid"]
[Site "?"]
[Date "2018.07.27"]
[Round "2.5"]
[White "Harika, Dronavalli"]
[Black "Khademalsharieh, Sarasadat"]
[Result "0-1"]
[BlackElo "2372"]
[WhiteElo "2480"]
[LiveChessVersion "1.4.8"]

1. d4 {[%clk 0:15:18]} Nf6 {[%clk 0:15:18]} 2. Bg5 {[%clk 0:15:27]} c5
{[%clk 0:14:41]} 3. d5 {[%clk 0:15:35]} Ne4 {[%clk 0:14:49]} 4. h4
{[%clk 0:15:42]} Qb6 {[%clk 0:14:54]} 5. Nd2 {[%clk 0:15:50]} Nxd2
{[%clk 0:14:40]} 6. Bxd2 {[%clk 0:15:47]} e5 {[%clk 0:12:26]} 7. e4
{[%clk 0:13:13]} d6 {[%clk 0:12:00]} 8. a4 {[%clk 0:10:56]} Nd7 {[%clk 0:10:50]}
9. a5 {[%clk 0:08:52]} Qc7 {[%clk 0:10:59]} 10. c4 {[%clk 0:08:27]} Be7
{[%clk 0:10:52]} 11. Bd3 {[%clk 0:08:00]} Qd8 {[%clk 0:10:00]} 12. g3
{[%clk 0:06:24]} O-O {[%clk 0:09:00]} 13. Nf3 {[%clk 0:04:16]} Nf6
{[%clk 0:08:48]} 14. Nh2 {[%clk 0:04:09]} Ne8 {[%clk 0:07:07]} 15. Qc2
{[%clk 0:04:17]} Bd7 {[%clk 0:06:58]} 16. h5 {[%clk 0:03:23]} Bg5
{[%clk 0:06:24]} 17. Bxg5 {[%clk 0:03:13]} Qxg5 {[%clk 0:06:33]} 18. Nf3
{[%clk 0:03:20]} Qe7 {[%clk 0:05:45]} 19. Nh4 {[%clk 0:03:22]} h6
{[%clk 0:05:27]} 20. Be2 {[%clk 0:02:36]} Nf6 {[%clk 0:04:45]} 21. Bf3
{[%clk 0:02:29]} b6 {[%clk 0:04:23]} 22. axb6 {[%clk 0:02:19]} axb6
{[%clk 0:04:32]} 23. O-O {[%clk 0:02:08]} Rfb8 {[%clk 0:03:56]} 24. Rfb1
{[%clk 0:01:54]} Qd8 {[%clk 0:03:33]} 25. Qd2 {[%clk 0:01:07]} Rxa1
{[%clk 0:03:12]} 26. Rxa1 {[%clk 0:01:16]} Ra8 {[%clk 0:03:22]} 27. Qc1
{[%clk 0:01:13]} Ra5 {[%clk 0:03:27]} 28. Rb1 {[%clk 0:01:15]} Ra4
{[%clk 0:03:24]} 29. b4 {[%clk 0:00:53]} cxb4 {[%clk 0:03:16]} 30. Bd1
{[%clk 0:00:55]} Ra5 {[%clk 0:03:03]} 31. Qe3 {[%clk 0:01:03]} Qc7
{[%clk 0:02:43]} 32. Be2 {[%clk 0:00:27]} Qc5 {[%clk 0:02:47]} 33. Nf5
{[%clk 0:00:23]} Bxf5 {[%clk 0:02:37]} 34. exf5 {[%clk 0:00:32]} Ra3
{[%clk 0:02:41]} 35. Qxc5 {[%clk 0:00:25]} bxc5 {[%clk 0:02:50]} 36. Kg2
{[%clk 0:00:33]} Ne4 {[%clk 0:02:53]} 37. Rb2 {[%clk 0:00:42]} Nc3
{[%clk 0:02:58]} 38. Bd3 {[%clk 0:00:40]} Nxd5 {[%clk 0:03:01]} 39. Be4
{[%clk 0:00:43]} Nb6 {[%clk 0:03:01]} 40. Rd2 {[%clk 0:00:37]} Nxc4
{[%clk 0:03:08]} 41. Rd1 {[%clk 0:00:47]} Kf8 {[%clk 0:03:04]} 42. Bd5
{[%clk 0:00:43]} Nb6 {[%clk 0:03:01]} 0-1

[Event "AsianNationCup2018-WomenRapid"]
[Site "?"]
[Date "2018.07.27"]
[Round "2.6"]
[White "Hejazipour, Mitra"]
[Black "Padmini, Rout"]
[Result "1/2-1/2"]
[BlackElo "2417"]
[WhiteElo "2250"]
[LiveChessVersion "1.4.8"]

1. d4 {[%clk 0:15:11]} Nf6 {[%clk 0:15:15]} 2. c4 {[%clk 0:15:19]} g6
{[%clk 0:15:23]} 3. g3 {[%clk 0:15:27]} Bg7 {[%clk 0:15:26]} 4. Bg2
{[%clk 0:15:30]} O-O {[%clk 0:15:32]} 5. Nc3 {[%clk 0:14:39]} d6 {[%clk 0:15:37]}
6. Nf3 {[%clk 0:14:46]} Nbd7 {[%clk 0:15:40]} 7. O-O {[%clk 0:14:52]} e5
{[%clk 0:15:43]} 8. e4 {[%clk 0:14:57]} Re8 {[%clk 0:15:34]} 9. d5
{[%clk 0:13:01]} Nc5 {[%clk 0:15:15]} 10. Ne1 {[%clk 0:12:53]} a5
{[%clk 0:14:57]} 11. b3 {[%clk 0:12:45]} Bd7 {[%clk 0:14:08]} 12. Rb1
{[%clk 0:12:27]} b6 {[%clk 0:09:42]} 13. Nc2 {[%clk 0:10:42]} Qc8
{[%clk 0:08:58]} 14. Qe2 {[%clk 0:09:53]} Bg4 {[%clk 0:08:02]} 15. f3
{[%clk 0:09:43]} Bd7 {[%clk 0:08:09]} 16. Nb5 {[%clk 0:06:03]} Nh5
{[%clk 0:07:48]} 17. a3 {[%clk 0:05:44]} a4 {[%clk 0:06:59]} 18. b4
{[%clk 0:05:52]} Nb3 {[%clk 0:07:05]} 19. Bb2 {[%clk 0:04:59]} f5
{[%clk 0:06:45]} 20. Qd3 {[%clk 0:03:56]} Nf6 {[%clk 0:06:09]} 21. Na1
{[%clk 0:03:47]} Nxa1 {[%clk 0:03:27]} 22. Rxa1 {[%clk 0:03:56]} Qb7
{[%clk 0:02:41]} 23. Rae1 {[%clk 0:03:00]} Rf8 {[%clk 0:02:19]} 24. Bc1
{[%clk 0:03:07]} Rae8 {[%clk 0:02:00]} 25. Qc2 {[%clk 0:03:14]} Ra8
{[%clk 0:02:04]} 26. Bd2 {[%clk 0:02:57]} Rf7 {[%clk 0:02:12]} 27. Qc1
{[%clk 0:02:38]} Raf8 {[%clk 0:02:18]} 28. Qc2 {[%clk 0:01:46]} Ra8
{[%clk 0:02:24]} 29. Qc1 {[%clk 0:01:25]} Raf8 {[%clk 0:02:32]} 30. Qc2
{[%clk 0:01:20]} Ra8 {[%clk 0:02:37]} 31. Qc1 {[%clk 0:01:22]} 1/2-1/2